| 000 | 00595nam a2200205 4500 | ||
|---|---|---|---|
| 001 | 131065 | ||
| 003 | ES-MaACL | ||
| 007 | t| | ||
| 008 | 070214s1952 sp r ||||1| spa d | ||
| 100 | 1 |
_aRoberts, Cecil. _997826 |
|
| 245 | 1 | 4 |
_aUna terraza al sol / _cCecil Roberts ; [versión española de José Mª Claramunda]. |
| 250 | _a1ª ed. | ||
| 260 |
_aBarcelona : _bLuis de Caralt, _c1952. |
||
| 300 |
_a339 p. ; _c21 cm. |
||
| 490 | 1 | _aGigante | |
| 700 | 1 |
_aClaramunda Bes, José María. _938998 |
|
| 830 | 0 |
_aGigante _9181050 |
|
| 852 |
_aES-MaACL _jC-5931 _bR.33453 |
||
| 999 |
_c131065 _d131065 |
||